000 00453nam a2200169 i 4500
001 65402
003 ES-MaACL
005 20230906165349.0
007 t|
008 040112s1973 sp ||||1| spa d
100 1 _aFranchetto, A.
_952165
245 1 0 _aCriticar es más fácil que dar trigo /
_cA. Franchetto.
250 _a[1ª ed.].
260 _aBarcelona :
_bCedro,
_c[1973]
300 _a193 p. ;
_c19 cm.
852 _aES-MaACL
_jC-52870
_bR.86022
999 _c65402
_d65402